000 00781 a2200229 4500
003 Nust
005 20170207154051.0
010 _a 2007022477
020 _a0865871671 (cloth : alk. paper)
020 _a9780865871670 (cloth : alk. paper)
040 _cNust
082 0 0 _a371.782
100 1 _aPhilpott, Don,
245 1 0 _aEducation facility security handbook -(E-BOOK)
_cDon Philpott and Michael W. Kuenstle.
260 _aLanham, Md. :
_bGovernment Institutes,
_cc2007.
300 _axiv, 450 p. :
_bill. ; 26 cm.
650 0 _aSchools
_xSecurity measures
_zUnited States.
650 0 _aSchools
_zUnited States
_xSafety measures.
651 _aE-BOOK
700 1 _aKuenstle, Michael W.
856 4 1 _3Table of contents only
_uhttp://www.loc.gov/catdir/toc/ecip0719/2007022477.html
942 _2ddc
_cBK
999 _c193125
_d193125